[Event "CRO-chT4 Center-A"]
[Site "Zagreb"]
[Date "2011.10.02"]
[Round "7.62"]
[White "Nesek, Darko"]
[Black "Dotlic, Zdravko"]
[Result "1/2-1/2"]
[WhiteElo "2033"]
[BlackElo "1994"]
[PlyCount "89"]
[EventDate "2011.03.13"]
[EventType "team-tourn"]
[EventRounds "7"]
[EventCountry "CRO"]
[SourceTitle "EXT 2014"]
[Source "ChessBase"]
[SourceDate "2013.11.20"]
[SourceVersion "1"]
[SourceVersionDate "2013.11.20"]
[SourceQuality "1"]

1. d4 Nf6 2. Nf3 g6 3. c4 Bg7 4. Nc3 d6 5. e4 0-0 6. Be2 e5 7. d5 Na6 8. 0-0 Nc5 9. Qc2 a5 10. Be3 Nh5 11. Ne1 Nf4 12. Bxc5 dxc5 13. Nd3 Qe7 14. Bf3 Bd7 15. Rad1 Qd6 16. g3 Nh3+ 17. Kh1 f5 18. exf5 gxf5 19. Bg2 Ng5 20. f4 Nf7 21. fxe5 Nxe5 22. Nxe5 Bxe5 23. Bh3 Qg6 24. Ne2 Qh6 25. Bxf5 Bxf5 26. Rxf5 Qe3 27. Rdf1 Rxf5 28. Rxf5 Re8 29. Kg2 Bxb2 30. Nf4 Qe4+ 31. Qxe4 Rxe4 32. Ne6 h6 33. Rf8+ Kh7 34. Rf7+ Kg6 35. Rxc7 Rxc4 36. Rxc5 Rxc5 37. Nxc5 b5 38. Kf3 Kf6 39. Ke4 Ke7 40. g4 a4 41. Nd3 Bc3 42. h4 b4 43. Nc5 b3 44. Nxb3 axb3 45. axb3 1/2-1/2

[Event "CRO-chT4A Center"]
[Site "Zagreb"]
[Date "2010.04.25"]
[Round "5.43"]
[White "Filipovic, Tomislav"]
[Black "Nesek, Darko"]
[Result "1/2-1/2"]
[WhiteElo "2009"]
[BlackElo "2030"]
[PlyCount "77"]
[EventDate "2010.03.21"]
[EventType "team-tourn"]
[EventRounds "11"]
[EventCountry "CRO"]
[SourceTitle "EXT 2012"]
[Source "ChessBase"]
[SourceDate "2011.11.24"]
[SourceVersion "1"]
[SourceVersionDate "2011.11.24"]
[SourceQuality "1"]

1. d4 Nf6 2. c4 g6 3. Nc3 Bg7 4. e4 d6 5. Nf3 0-0 6. Be2 e5 7. 0-0 Nc6 8. d5 Ne7 9. b4 Nd7 10. Re1 f5 11. Ng5 Nf6 12. f3 h6 13. Ne6 Bxe6 14. dxe6 a5 15. Ba3 axb4 16. Bxb4 Nc6 17. a3 Re8 18. c5 Nxb4 19. axb4 Rxa1 20. Qxa1 dxc5 21. Rd1 Qc8 22. bxc5 fxe4 23. Nxe4 Nxe4 24. fxe4 Qxe6 25. Qa4 Kh7 26. Bc4 Qe7 27. Kh1 c6 28. Qa5 Bf8 29. Qb6 Qg7 30. Ba2 Re7 31. Qb3 h5 32. h3 Qf6 33. Qc4 Rg7 34. Rf1 Qe7 35. Rc1 Qh4 36. Rd1 Qf2 37. Rc1 Bxc5 38. Qxc5 Qxa2 39. Qxe5 1/2-1/2

[Event "CRO-chT4A Center"]
[Site "Zagreb"]
[Date "2010.03.28"]
[Round "2.53"]
[White "Nesek, Darko"]
[Black "Maravic, Stjepan"]
[Result "1/2-1/2"]
[WhiteElo "2030"]
[BlackElo "2165"]
[PlyCount "65"]
[EventDate "2010.03.21"]
[EventType "team-tourn"]
[EventRounds "11"]
[EventCountry "CRO"]
[SourceTitle "EXT 2012"]
[Source "ChessBase"]
[SourceDate "2011.11.24"]
[SourceVersion "1"]
[SourceVersionDate "2011.11.24"]
[SourceQuality "1"]

1. d4 Nf6 2. Nf3 g6 3. Bg5 Bg7 4. e3 d5 5. c4 c5 6. Nc3 cxd4 7. exd4 0-0 8. Be2 Ne4 9. Bh4 Nxc3 10. bxc3 Nc6 11. 0-0 Be6 12. c5 Bf5 13. Qb3 Qd7 14. Rfe1 Rfe8 15. Bb5 f6 16. c4 e6 17. cxd5 exd5 18. h3 Rxe1+ 19. Rxe1 Re8 20. Rxe8+ Qxe8 21. Qxd5+ Be6 22. Bxc6 bxc6 23. Qd6 g5 24. Bg3 Bxa2 25. h4 h6 26. hxg5 hxg5 27. Kh2 Bd5 28. Qc7 a6 29. Kg1 Qa8 30. Qa5 Qc8 31. Nd2 Bh6 32. Nf1 g4 33. Ne3 1/2-1/2